| 000 | 01252nam a22003850a 4500 | ||
|---|---|---|---|
| 001 | PT5844 | ||
| 003 | AR-LpoUNG | ||
| 005 | 20210131232137.0 | ||
| 008 | 191001s1998||||sp |||||||||||||||||spa d | ||
| 020 |
_a8474238463 _c$10,33 |
||
| 040 |
_aAR-LpoUNG _bspa _cAR-LpoUNG _eaacr |
||
| 041 | _aspa | ||
| 044 | _asp | ||
| 082 | 0 | _a907.2 684sob | |
| 100 | 1 | _aHobsbawm, Eric J. | |
| 245 | 1 | 0 | _aSobre la historia |
| 250 | _a1ra. ed. | ||
| 260 |
_aBarcelona : _bCrítica, _c1998. |
||
| 300 |
_a298 p. : _bmapas, tbls. |
||
| 520 | _a<p>El autor reúne en este libro sus reflexiones sobre la historia y sobre su significado para el hombre de hoy, partiendo del estudio de temas muy diversos, pero siempre de interés: la identidad de Europa, la revolución rusa, Marx, la capacidad de predicción y la barbarie que nos amenaza en este fin de milenio.</p> | ||
| 650 | 4 | _aANALISIS HISTORICO | |
| 650 | 4 | _aCONFLICTOS | |
| 650 | 4 | _aEUROPA | |
| 650 | 4 | _aGUERRA | |
| 650 | 4 | _aGUERRA CIVIL | |
| 650 | 4 | _aHISTORIA | |
| 650 | 4 | _aREVOLUCION | |
| 650 | 4 | _aRUSIA | |
| 650 | 4 | _aSOCIEDAD | |
| 651 | 4 | _aDOCUMENTOS TEORICOS O METODOLOGICOS | |
| 700 | 1 |
_aBeltrán, Jordi _etr. |
|
| 700 | 1 |
_aRuíz, Josefina _etr. |
|
| 905 | _a5844 | ||
| 942 | _cLSALA | ||
| 999 |
_c13949 _d13949 |
||